[Event "Detroit (Beg/3/13)"]
[Site "?"]
[Date "1996.??.??"]
[Round "?"]
[White "Belill, V."]
[Black "Sherwood, J."]
[Result "1-0"]
[WhiteElo "1605"]
[BlackElo "1605"]
[PlyCount "111"]
[EventDate "1996.??.??"]

{3/(13)} 1. d4 d5 2. Nc3 Nf6 3. Nf3 e6 4. Bg5 h6 5. Bh4 Be7 6. e4 dxe4 7. Bxf6
Bxf6 8. Nxe4 Nc6 9. Bb5 O-O 10. O-O Nxd4 11. Nxf6+ Qxf6 12. Qxd4 Qxd4 13. Nxd4
Rd8 14. Rad1 a6 15. Bc4 b5 16. Be2 Rb8 17. Nc6 Rxd1 18. Rxd1 Ra8 19. Bf3 Kh8
20. Ne7 Rb8 21. Be4 g6 22. Nxc8 Rxc8 23. Bb7 Rb8 24. Bxa6 c5 25. b3 b4 26. a4
bxa3 27. Ra1 Rd8 28. Rxa3 Rd1+ 29. Bf1 Rc1 30. c4 Rb1 31. f4 f5 32. Kf2 g5 33.
fxg5 hxg5 34. Ra6 e5 35. Ra5 Kg7 36. Rxc5 Kf6 37. Rc6+ Ke7 38. Bd3 Rb2+ 39. Ke1
f4 40. Rg6 Rxg2 41. c5 f3 42. Bf1 Rxh2 43. Rxg5 f2+ 44. Ke2 e4 45. b4 Kd7 46.
Rf5 Kc6 47. Rxf2 Rxf2+ 48. Kxf2 Kd5 49. Ke3 Ke5 50. c6 Kd6 51. b5 Kc7 52. Kxe4
Kb6 53. Kd5 Ka7 54. Kd6 Kb8 55. Kd7 Ka7 56. c7 1-0

[Event "Detroit (Beg/5/11)"]
[Site "?"]
[Date "1996.??.??"]
[Round "?"]
[White "Belill, V."]
[Black "Herschler, R."]
[Result "1-0"]
[WhiteElo "1605"]
[BlackElo "1605"]
[PlyCount "63"]
[EventDate "1996.??.??"]

{5/(11)} 1. d4 g6 2. Nf3 d5 3. Nc3 e6 4. Bf4 Bg7 5. e3 Nc6 6. Nb5 Qd7 7. Nxc7+
Ke7 8. Nxa8 f6 9. Nc7 e5 10. dxe5 fxe5 11. Bg5+ Nf6 12. Bxf6+ Bxf6 13. Nxd5+
Kf7 14. Nxf6 Kxf6 15. Qxd7 Bxd7 16. Rd1 Rd8 17. Bc4 e4 18. Nd4 Bg4 19. O-O Bxd1
20. Rxd1 a6 21. Kf1 b5 22. Be2 Nb4 23. c3 Nxa2 24. Ra1 Nxc3 25. bxc3 Rc8 26. g3
Rxc3 27. Rxa6+ Ke5 28. Nxb5 Rc1+ 29. Kg2 Rb1 30. f3 Rb2 31. Nc3 exf3+ 32. Kxf3
1-0

[Event "Detroit (Beg/1/6)"]
[Site "?"]
[Date "1996.??.??"]
[Round "?"]
[White "Belill, V."]
[Black "Berkowski, R."]
[Result "0-1"]
[WhiteElo "1605"]
[BlackElo "1605"]
[PlyCount "80"]
[EventDate "1996.??.??"]

{1/(6)} 1. d4 Nf6 2. Nc3 d5 3. Bg5 Nc6 4. Nf3 e6 5. e3 Be7 6. Bb5 a6 7. Bxc6+
bxc6 8. O-O Ne4 9. Bxe7 Qxe7 10. Nxe4 dxe4 11. Ne5 Bb7 12. Qg4 f6 13. Nc4 O-O
14. Qxe4 a5 15. Rfd1 Rfb8 16. Nd2 c5 17. Qd3 Rd8 18. Qc4 Bd5 19. Qc3 f5 20. Nb3
Qg5 21. f3 Bxf3 22. Rd2 Rf8 23. dxc5 Bd5 24. Nd4 f4 25. exf4 Rxf4 26. Rf1 Rxf1+
27. Kxf1 Rf8+ 28. Ke1 Re8 29. Qxa5 Qe5+ 30. Kd1 Ra8 31. Qb5 Bxa2 32. Nc6 Qh5+
33. Re2 Bd5 34. Ne5 Rd8 35. Ke1 Bxg2 36. Rxg2 Qxe5+ 37. Re2 Qf6 38. Qc6 Qh4+
39. Kf1 Rd1+ 40. Kg2 Qg4+ 0-1

[Event "Detroit (Class DE/4/3)"]
[Site "?"]
[Date "1996.??.??"]
[Round "?"]
[White "Belill, Nathan"]
[Black "Zuniga, Jesus"]
[Result "0-1"]
[WhiteElo "1605"]
[BlackElo "1605"]
[PlyCount "158"]
[EventDate "1996.??.??"]

{4/(3)} 1. e4 e6 2. d4 d5 3. Nc3 Nf6 4. e5 Nfd7 5. Nf3 c5 6. Be3 Qb6 7. Rb1 a6
8. Be2 Nc6 9. dxc5 Bxc5 10. Qd2 Bxe3 11. fxe3 Ndxe5 12. O-O Ng4 13. Nd4 Nge5
14. Bh5 O-O 15. Qf2 Bd7 16. Qf4 f5 17. Nxc6 Nxc6 18. Rf3 Qd8 19. Rg3 Qf6 20.
Na4 e5 21. Qf3 Ne7 22. Nc5 Bc6 23. Qf2 Qd6 24. Nd3 Rf6 25. Rg5 h6 26. Rg3 Be8
27. Be2 Kh7 28. Rf1 Bf7 29. b3 Rg8 30. h4 g5 31. hxg5 Rxg5 32. Rh3 Qe6 33. Nc5
Qc8 34. b4 b6 35. Nd3 e4 36. Nf4 Ng6 37. Rc1 b5 38. g3 Qc3 39. Nh5 Rc6 40. Nf4
Qxb4 41. Qh2 Nxf4 42. exf4 Qd4+ 43. Kh1 Rg7 44. Rd1 Qb2 45. Rd2 Qc1+ 46. Bd1
Rgg6 47. Qe2 Qa1 48. c4 Rxc4 49. Rb2 Qc1 50. Rc2 Rxc2 51. Qxc2 Qxc2 52. Bxc2
Rc6 53. Bb3 a5 54. Kh2 a4 55. Bd1 d4 56. g4 fxg4 57. Bxg4 Rc2+ 58. Kg1 Rxa2 59.
Bf5+ Bg6 60. Rh5 Kg7 61. Bxg6 Kxg6 62. Rxb5 e3 63. Kf1 h5 64. f5+ Kf6 65. Rd5
Rd2 66. Ra5 d3 67. Ra6+ Kxf5 68. Ra5+ Kg4 69. Rxa4+ Kf3 70. Ra1 e2+ 71. Ke1
Rd1+ 72. Rxd1 exd1=Q+ 73. Kxd1 Ke3 74. Ke1 h4 75. Kf1 d2 76. Kg2 d1=Q 77. Kh3
Qg1 78. Kxh4 Kf4 79. Kh5 Qg5# 0-1

[Event "Detroit (Class DE/1/1)"]
[Site "?"]
[Date "1996.??.??"]
[Round "?"]
[White "Belill, Nathan"]
[Black "Vangilder, W."]
[Result "1/2-1/2"]
[WhiteElo "1605"]
[BlackElo "1605"]
[PlyCount "90"]
[EventDate "1996.??.??"]

{1/(1)} 1. e4 Nc6 2. d4 d5 3. exd5 Qxd5 4. Nf3 Bg4 5. c3 Nf6 6. Be2 e6 7. O-O
Be7 8. Bf4 Bd6 9. Ne5 Bxe2 10. Qxe2 Bxe5 11. dxe5 Nd7 12. Rd1 Qc5 13. b4 Qe7
14. Na3 O-O 15. Rd2 Nb6 16. Nc4 Nd5 17. Qf3 Qh4 18. g3 Qe7 19. b5 Qc5 20. bxc6
Qxc4 21. cxb7 Rab8 22. Rc1 Rxb7 23. Rd4 Qxa2 24. c4 Rb3 25. Qd1 Rb2 26. cxd5
Rxf2 27. Rd2 Rxd2 28. Qxd2 Qxd2 29. Bxd2 exd5 30. Rxc7 Re8 31. Rxa7 Kf8 32.
Bb4+ Kg8 33. Rd7 f6 34. exf6 gxf6 35. Rxd5 Rb8 36. Bc3 Kg7 37. Rg5+ Kf7 38. Rf5
Rb6 39. h4 Rc6 40. Rf3 Kg6 41. g4 h6 42. Kg2 h5 43. gxh5+ Kxh5 44. Rxf6 Rxc3
45. Rf4 Rc2+ 1/2-1/2

[Event "Detroit (Class DE/3/6)"]
[Site "?"]
[Date "1996.??.??"]
[Round "?"]
[White "Belill, Nathan"]
[Black "Mitchell, Dave"]
[Result "1-0"]
[WhiteElo "1605"]
[BlackElo "1605"]
[PlyCount "89"]
[EventDate "1996.??.??"]

{3/(6)} 1. e4 d6 2. d4 Nf6 3. Nc3 c6 4. Nf3 Bg4 5. Be2 Qa5 6. O-O e5 7. dxe5
dxe5 8. Be3 Bb4 9. Qd2 Nbd7 10. a3 Bxc3 11. bxc3 Nxe4 12. Qd3 Nxc3 13. Bd2
Nxe2+ 14. Qxe2 Bxf3 15. gxf3 Qc7 16. Bb4 c5 17. Bc3 O-O 18. Rfd1 Rfe8 19. Rab1
b6 20. Qb5 Rad8 21. Rd2 Nf8 22. Re2 Re6 23. Rbe1 Rde8 24. Qb2 Rg6+ 25. Kh1 Qc6
26. Re3 f6 27. Qb3+ Kh8 28. Qf7 Ne6 29. Rd1 Nd4 30. Bxd4 cxd4 31. Rxd4 Qb5 32.
Re1 Qc6 33. Rd3 Qc8 34. Rd7 Rf8 35. Rc7 Qa8 36. Qb3 Rg4 37. h3 Rd4 38. Rg1 g6
39. Rg4 Rxg4 40. hxg4 Qd8 41. Rxa7 f5 42. Kg2 Qh4 43. Qc3 Qf6 44. Qc7 fxg4 45.
Qxh7# 1-0

[Event "Detroit (Class C/1/10)"]
[Site "?"]
[Date "1996.??.??"]
[Round "?"]
[White "Belill, Mike"]
[Black "Raupp, Kenneth A"]
[Result "0-1"]
[WhiteElo "1605"]
[BlackElo "1605"]
[PlyCount "82"]
[EventDate "1996.??.??"]

{1/(10)} 1. e4 e6 2. d4 d5 3. Nc3 Bb4 4. e5 c5 5. a3 Bxc3+ 6. bxc3 Nc6 7. Qg4
g6 8. Bd3 c4 9. Be2 Nge7 10. Nf3 Qa5 11. Bd2 Nf5 12. O-O Bd7 13. Ng5 Ncxd4 14.
cxd4 Qxd2 15. Rfd1 Qxc2 16. Rab1 h5 17. Qf3 Nxd4 18. Qxf7+ Kd8 19. Bf1 b6 20.
Rbc1 Qf5 21. Qxf5 Nxf5 22. Nf7+ Ke7 23. Nxh8 Rxh8 24. Rd2 b5 25. Rcd1 Rd8 26.
Rc1 Rb8 27. Be2 a5 28. g4 hxg4 29. Bxg4 b4 30. axb4 axb4 31. Bxf5 gxf5 32. Rd4
b3 33. Rh4 Be8 34. Rh7+ Bf7 35. Ra1 b2 36. Ra7+ Kd8 37. Raxf7 b1=Q+ 38. Kg2
Qe4+ 39. f3 Rb2+ 40. Kg3 f4+ 41. Kh3 Qxf3+ 0-1

[Event "Flint (MI Jr Spon/1)"]
[Site "?"]
[Date "1996.??.??"]
[Round "?"]
[White "Belill, Mike"]
[Black "Menczer, David"]
[Result "1-0"]
[WhiteElo "1605"]
[BlackElo "1605"]
[PlyCount "119"]
[EventDate "1996.??.??"]

1. e4 e5 2. Nf3 Nf6 3. Bc4 d5 4. exd5 Nxd5 5. O-O Be7 6. Nxe5 O-O 7. Nc3 Be6 8.
Qf3 Nxc3 9. Qxc3 Bxc4 10. Qxc4 Bd6 11. d4 Nd7 12. Re1 Qe7 13. Nf3 Qf6 14. Bg5
Qf5 15. Be7 Bxe7 16. Rxe7 c6 17. Rae1 Nb6 18. Qe2 Rab8 19. Qe4 Qxe4 20. R1xe4
Nd5 21. R7e5 b5 22. a3 a5 23. h3 a4 24. c3 g6 25. Re1 Rfd8 26. g3 Rd6 27. Re8+
Rxe8 28. Rxe8+ Kg7 29. Ne5 f6 30. Nd3 g5 31. Nc5 Kg6 32. Kf1 h5 33. Ke2 f5 34.
Re6+ Rxe6+ 35. Nxe6 g4 36. h4 Kf6 37. Nf4 Ke7 38. Nxh5 Kd6 39. Nf4 Nxf4+ 40.
gxf4 Kd5 41. Kd3 Ke6 42. c4 bxc4+ 43. Kxc4 Kf6 44. Kc5 Kg6 45. Kxc6 Kh5 46. d5
Kxh4 47. d6 Kh3 48. d7 g3 49. fxg3 Kxg3 50. d8=Q Kxf4 51. Qd4+ Kg5 52. Kd5 f4
53. Qf2 Kg4 54. Ke4 Kh3 55. Qf3+ Kh2 56. Qxf4+ Kg2 57. Ke3 Kh1 58. Qg4 Kh2 59.
Kf3 Kh1 60. Qg2# 1-0

[Event "Detroit (Class C/3/10)"]
[Site "?"]
[Date "1996.??.??"]
[Round "?"]
[White "Belill, Mike"]
[Black "Haygood, Norman"]
[Result "1/2-1/2"]
[WhiteElo "1605"]
[BlackElo "1605"]
[PlyCount "93"]
[EventDate "1996.??.??"]

{3/(10)} 1. e4 c6 2. d4 d5 3. Nc3 dxe4 4. Nxe4 Bf5 5. Ng3 Bg6 6. Nf3 e6 7. Bd3
Bxd3 8. Qxd3 Nf6 9. O-O Bd6 10. Re1 O-O 11. Bd2 Na6 12. a3 Nc7 13. c4 c5 14.
Ne4 Nxe4 15. Qxe4 b6 16. dxc5 Bxc5 17. Rad1 Qe7 18. Bc3 Rad8 19. Qe5 f6 20. Qe4
Rxd1 21. Rxd1 Rd8 22. Rd3 Rd7 23. b4 Rxd3 24. Qxd3 Bd6 25. Nd4 Qd7 26. Qf3 Be5
27. Qe4 Qa4 28. g3 Qxa3 29. Qe2 Bxd4 30. Bxd4 Qxb4 31. Be3 a5 32. Qd3 Kf7 33.
Qd7+ Qe7 34. Qxe7+ Kxe7 35. Bxb6 Kd6 36. Bxa5 Na6 37. Bb6 Nc5 38. Kf1 Kc6 39.
Ba7 e5 40. Ke2 g5 41. Kf3 h5 42. Ke3 f5 43. f4 gxf4+ 44. gxf4 e4 45. Kd4 Ne6+
46. Ke5 Nc5 47. Kd4 1/2-1/2

[Event "Detroit (Class C/5/9)"]
[Site "?"]
[Date "1996.??.??"]
[Round "?"]
[White "Belill, Matt"]
[Black "Martell, Raul"]
[Result "1/2-1/2"]
[WhiteElo "1605"]
[BlackElo "1605"]
[PlyCount "51"]
[EventDate "1996.??.??"]

{5/(9)} 1. e4 e5 2. Nf3 Nc6 3. Bc4 Bc5 4. b4 Bxb4 5. c3 Bc5 6. d4 exd4 7. cxd4
Bb4+ 8. Bd2 Bxd2+ 9. Qxd2 h6 10. O-O d6 11. Re1 Nge7 12. Nc3 O-O 13. h3 Ng6 14.
Re2 a6 15. Rae1 Re8 16. Bd3 Nb4 17. Bb1 Nc6 18. e5 dxe5 19. Bxg6 fxg6 20. d5
Na5 21. Nxe5 g5 22. Qd3 Rf8 23. g4 Rf6 24. Ng6 Bd7 25. Ne7+ Kh8 26. Ng6+
1/2-1/2

[Event "Detroit (Class C/3/11)"]
[Site "?"]
[Date "1996.??.??"]
[Round "?"]
[White "Belill, Matt"]
[Black "Gregg, Ted"]
[Result "1-0"]
[WhiteElo "1605"]
[BlackElo "1605"]
[PlyCount "61"]
[EventDate "1996.??.??"]

{3/(11)} 1. e4 e5 2. Nf3 Nc6 3. Bc4 Bc5 4. b4 Bxb4 5. c3 Bc5 6. d4 exd4 7. cxd4
Bb4+ 8. Nbd2 Nge7 9. O-O d5 10. exd5 Nxd5 11. Bb2 Be6 12. Re1 O-O 13. a3 Bd6
14. Ne4 Na5 15. Nxd6 Qxd6 16. Bxd5 Qxd5 17. Re5 Qb3 18. Rxa5 Qxb2 19. Rb1 Bb3
20. Qxb3 Qxb3 21. Rxb3 b6 22. Re5 Rfd8 23. Rd3 Rd7 24. Rde3 Kf8 25. Kf1 Rad8
26. Ke2 c6 27. Rc3 Rd6 28. Ke3 f6 29. Re4 Re8 30. Rxe8+ Kxe8 31. Nd2 {
[Remainder illegible; 1-0, 53?]} 1-0

[Event "Flint (MI Jr Spon/2)"]
[Site "?"]
[Date "1996.??.??"]
[Round "?"]
[White "Belill, Matt"]
[Black "Gaiefsky, Mike"]
[Result "0-1"]
[WhiteElo "1605"]
[BlackElo "1875"]
[PlyCount "96"]
[EventDate "1996.??.??"]

1. e4 g6 2. Nf3 Bg7 3. Bc4 d6 4. Ng5 Nh6 5. d4 O-O 6. h3 Nc6 7. c3 Na5 8. Bd3
c5 9. d5 c4 10. Be2 b5 11. Be3 Nb7 12. Bd4 e5 13. Be3 f6 14. Nf3 Bd7 15. Qd2
Nf7 16. h4 h5 17. Na3 Qc8 18. O-O Nc5 19. Bxc5 Qxc5 20. Nc2 Bh6 21. Qd1 a5 22.
Nd2 Bf4 23. Kh1 Kg7 24. g3 Bxd2 25. Qxd2 Bh3 26. Rg1 Qxf2 27. Qe3 Qxe3 28. Nxe3
Nh6 29. g4 hxg4 30. Bxg4 Bxg4 31. Nxg4 Rh8 32. Raf1 Ng8 33. Rf2 Rxh4+ 34. Rh2
Rxh2+ 35. Kxh2 Nh6 36. Ne3 Rh8 37. Kg3 f5 38. exf5 Nxf5+ 39. Nxf5+ gxf5 40. Rg2
Kf6 41. Kf3 Rh3+ 42. Ke2 e4 43. Kd2 Ke5 44. Rg5 Rf3 45. Ke2 Kxd5 46. Rg8 Rh3
47. Rb8 Rh2+ 48. Kd1 Rxb2 0-1

[Event "Eastpointe (EDO/3/19)"]
[Site "?"]
[Date "1996.??.??"]
[Round "?"]
[White "Bedy, N."]
[Black "Wright, Walter"]
[Result "1-0"]
[WhiteElo "1605"]
[BlackElo "1605"]
[PlyCount "61"]
[EventDate "1996.??.??"]

{3/(19)} 1. d4 Nf6 2. Nc3 g6 3. e4 d6 4. f4 e6 5. Nf3 Bg7 6. e5 Nfd7 7. Be3 O-O
8. Be2 Nc6 9. O-O f6 10. exd6 cxd6 11. Ne4 Qe7 12. c3 d5 13. Nf2 h6 14. Qd3 f5
15. Qd2 Nf6 16. Ne5 Nxe5 17. fxe5 Ne4 18. Nxe4 dxe4 19. Bxh6 Bd7 20. Bg5 Rf7
21. Bxe7 Rxe7 22. Qg5 Kf7 23. g4 Rh8 24. gxf5 exf5 25. Bc4+ Be6 26. Bxe6+ Kxe6
27. Qxg6+ Kd5 28. Qd6+ Kc4 29. Qc5+ Kd3 30. Qb5+ Ke3 31. Rae1+ 1-0

[Event "Ann Arbor (Ann Arbor Open, U1700/1)"]
[Site "?"]
[Date "1996.??.??"]
[Round "?"]
[White "Bedy, N."]
[Black "Vangilder, W."]
[Result "0-1"]
[WhiteElo "1605"]
[BlackElo "1605"]
[PlyCount "88"]
[EventDate "1996.??.??"]

{1700/(1)} 1. e4 Nc6 2. Nf3 d6 3. d4 Nf6 4. Nc3 Bg4 5. Be3 e6 6. Qd2 Be7 7. Be2
O-O 8. a3 a6 9. Bd3 d5 10. e5 Nd7 11. h3 Bxf3 12. gxf3 f6 13. f4 Na5 14. O-O-O
f5 15. Rdg1 c5 16. dxc5 Bxc5 17. Bxc5 Nxc5 18. f3 Ncb3+ 19. cxb3 Nxb3+ 20. Kd1
Nxd2 21. Kxd2 Qa5 22. Kd1 b5 23. Ne2 b4 24. Nd4 Qb6 25. Ne2 bxa3 26. bxa3 Qb3+
27. Kd2 Qb2+ 28. Ke3 d4+ 29. Kf2 Rfc8 30. Rb1 Qd2 31. Rhd1 Qe3+ 32. Kg3 Rab8
33. Nxd4 Rxb1 34. Bxb1 Rd8 35. Nc2 Qb6 36. Rc1 Rd2 37. Rf1 Qb2 38. Ne3 Qc3 39.
Ng2 Qxa3 40. Re1 Qb4 41. Nh4 Qc5 42. Rf1 g5 43. fxg5 Qxe5+ 44. f4 Qe2 0-1

[Event "Ann Arbor (Mini-Swiss/2/7)"]
[Site "?"]
[Date "1996.??.??"]
[Round "?"]
[White "Bedy, N."]
[Black "Swartz, J."]
[Result "1-0"]
[WhiteElo "1605"]
[BlackElo "1605"]
[PlyCount "117"]
[EventDate "1996.??.??"]

{2/(7)} 1. d4 Nf6 2. Nc3 d5 3. e4 dxe4 4. f3 Nc6 5. Bb5 Bd7 6. d5 Ne5 7. Bxd7+
Qxd7 8. fxe4 O-O-O 9. Nf3 e6 10. Nxe5 Qe7 11. Nf3 exd5 12. Qe2 dxe4 13. Ng5 Re8
14. Be3 h6 15. Nh3 Qb4 16. O-O-O a6 17. Rd4 Qa5 18. Rhd1 Bb4 19. Qc4 Bc5 20.
Qxf7 Bxd4 21. Bxd4 Rhg8 22. Bxf6 gxf6 23. Qxf6 Rxg2 24. Qf7 Rgg8 25. Nxe4 Rgf8
26. Qg6 Qxa2 27. Nc5 Qc4 28. Qg1 Kb8 29. Kb1 Rf3 30. Nf2 Ref8 31. Nfd3 R3f5 32.
Re1 Qh4 33. Kc1 Rf1 34. Rxf1 Qg5+ 35. Qxg5 Rxf1+ 36. Kd2 hxg5 37. Ne4 Rg1 38.
Ne1 g4 39. Ng3 c5 40. Ke2 Kc7 41. Kf2 Rxe1 42. Kxe1 Kd6 43. Ke2 Ke5 44. Ke3 c4
45. Nh1 b5 46. Nf2 Kf5 47. Kd4 Kf4 48. Kc5 Ke3 49. Nxg4+ Kd2 50. h4 Kxc2 51.
Ne3+ Kxb2 52. Nxc4+ Kc3 53. Na5 b4 54. h5 b3 55. Nxb3 Kxb3 56. h6 a5 57. h7 a4
58. h8=Q a3 59. Qa1 1-0

[Event "Eastpointe (EDO/5/12)"]
[Site "?"]
[Date "1996.??.??"]
[Round "?"]
[White "Bedy, N."]
[Black "Steen, Harold"]
[Result "1/2-1/2"]
[WhiteElo "1605"]
[BlackElo "1780"]
[PlyCount "79"]
[EventDate "1996.??.??"]

{5/(12)} 1. d4 d6 2. Nc3 Nf6 3. e4 e6 4. f4 Be7 5. Nf3 a6 6. Bd3 b5 7. e5 dxe5
8. dxe5 Nd5 9. Nxd5 Qxd5 10. Qe2 Bb7 11. Be3 Nd7 12. O-O Nc5 13. Rfd1 Nxd3 14.
Qxd3 c5 15. Qe2 Qc6 16. Rd2 O-O 17. Rad1 Rad8 18. Qf2 Rxd2 19. Rxd2 g6 20. Qe1
Rd8 21. Qf2 Rd5 22. Qe2 b4 23. Qd1 Rxd2 24. Qxd2 Qd5 25. Qxd5 Bxd5 26. b3 Be4
27. Ne1 Kf8 28. Nd3 Bxd3 29. cxd3 Ke8 30. Kf2 Kd7 31. Kf3 Kc6 32. Ke4 Kb5 33.
g4 a5 34. f5 a4 35. f6 Bf8 36. g5 axb3 37. axb3 Kc6 38. h4 Kb5 39. Bf2 Kc6 40.
Be3 1/2-1/2

[Event "Ann Arbor (HVA/3/3)"]
[Site "?"]
[Date "1996.??.??"]
[Round "?"]
[White "Bedy, N."]
[Black "Scioly, Tony"]
[Result "1-0"]
[WhiteElo "1605"]
[BlackElo "1605"]
[PlyCount "57"]
[EventDate "1996.??.??"]

{3/(3)} 1. d4 Nf6 2. Nc3 d5 3. e4 dxe4 4. f3 exf3 5. Nxf3 Bg4 6. h3 Bh5 7. g4
Bg6 8. Ne5 e6 9. h4 Nbd7 10. Nxg6 hxg6 11. Be3 Bb4 12. Bg2 Nd5 13. Bxd5 exd5
14. Qe2 O-O 15. Qd3 Re8 16. O-O-O c6 17. a3 Be7 18. g5 Qc7 19. h5 gxh5 20. Rxh5
g6 21. Rh3 Bf8 22. Rdh1 Bg7 23. Ne2 Nf8 24. Qd2 Re7 25. Bf4 Qd7 26. Be5 Bxe5
27. dxe5 Rxe5 28. Qd4 Rae8 29. Qh4 1-0

[Event "Ann Arbor (Mini-Swiss/2)"]
[Site "?"]
[Date "1996.??.??"]
[Round "?"]
[White "Bedy, N."]
[Black "Scioly, Tony"]
[Result "1-0"]
[WhiteElo "1605"]
[BlackElo "1605"]
[PlyCount "113"]
[EventDate "1996.??.??"]

1. e4 c5 2. d4 cxd4 3. c3 d5 4. Qa4+ Bd7 5. Qxd4 dxe4 6. Bc4 Nc6 7. Qxe4 Nf6 8.
Qe2 e5 9. Nf3 Qc7 10. Ng5 Nd8 11. O-O Bd6 12. Re1 O-O 13. Nd2 h6 14. Nge4 Nxe4
15. Nxe4 Re8 16. Bb3 Nc6 17. Qh5 Be6 18. Bxh6 Bxb3 19. axb3 Re6 20. Bd2 Rd8 21.
Re3 Rh6 22. Qf5 Ne7 23. Qf3 Ng6 24. Qd1 Qe7 25. Rg3 Nf4 26. Qg4 Rh7 27. Bxf4
exf4 28. Nxd6 fxg3 29. Nf5 Qf6 30. Nxg3 Rh6 31. Nh5 Qe5 32. Ng3 Rg6 33. Qf3 Qd5
34. Qxd5 Rxd5 35. Re1 Re6 36. Kf1 Rd2 37. Rxe6 fxe6 38. Ne4 Rxb2 39. Nc5 Kf7
40. Nxb7 Rxb3 41. Nd6+ Kf6 42. Ne4+ Ke5 43. f3 Rb2 44. h4 Rc2 45. g4 a5 46. Ke1
Kf4 47. Kd1 Rh2 48. h5 e5 49. Nd2 a4 50. Kc1 Ke3 51. Nf1+ Kxf3 52. Nxh2+ Kg2
53. g5 e4 54. h6 e3 55. hxg7 e2 56. Kd2 Kf2 57. Nf3 1-0

[Event "Ann Arbor (Ann Arbor Open, U1700/2)"]
[Site "?"]
[Date "1996.??.??"]
[Round "?"]
[White "Bedy, N."]
[Black "Foord, Allan"]
[Result "1-0"]
[WhiteElo "1605"]
[BlackElo "1605"]
[PlyCount "93"]
[EventDate "1996.??.??"]

{1700/(2)} 1. e4 c5 2. d4 cxd4 3. c3 dxc3 4. Nxc3 Nc6 5. Nf3 a6 6. Bc4 e6 7.
O-O Bb4 8. Bg5 Nge7 9. Rc1 h6 10. Bf4 Ng6 11. Bg3 O-O 12. Qe2 b5 13. Bb3 Bb7
14. Rfd1 Qe7 15. a3 Bxa3 16. bxa3 Qxa3 17. Qa2 Qxa2 18. Bxa2 Bc8 19. e5 Ra7 20.
Ne4 b4 21. Nc5 a5 22. Bb3 Nge7 23. Bf4 Nd5 24. Bxd5 exd5 25. Rxd5 a4 26. Ra1 b3
27. Rxa4 b2 28. Nd2 Rxa4 29. Nxa4 Nb4 30. Rb5 Nd3 31. g3 Ba6 32. Rb6 Ra8 33.
Nxb2 Nxb2 34. Rxb2 Bd3 35. Kg2 Kf8 36. e6 dxe6 37. Rb8+ Rxb8 38. Bxb8 Ke7 39.
Kf3 g5 40. Ke3 Bf5 41. Ne4 g4 42. Be5 h5 43. Kf4 Bg6 44. Nf6 Kf8 45. Kg5 Ke7
46. Nxh5 Bf5 47. Nf6 1-0

[Event "Ann Arbor (Mini-Swiss/3/7)"]
[Site "?"]
[Date "1996.??.??"]
[Round "?"]
[White "Bedy, N."]
[Black "Foord, Allan"]
[Result "1-0"]
[WhiteElo "1605"]
[BlackElo "1605"]
[PlyCount "61"]
[EventDate "1996.??.??"]

{3/(7)} 1. d4 Nf6 2. Nc3 g6 3. e4 d6 4. f4 Bg4 5. Nf3 Bg7 6. h3 Bd7 7. Be3 c6
8. Bd3 Qc7 9. Qd2 e6 10. O-O O-O 11. g4 b5 12. f5 Na6 13. fxg6 fxg6 14. Bh6
Rab8 15. Bxg7 Kxg7 16. e5 dxe5 17. Nxe5 Qd6 18. Ne2 c5 19. c3 cxd4 20. Nxd7
dxc3 21. Qxc3 Rbc8 22. Qe5 Qxd7 23. g5 Qxd3 24. gxf6+ Kf7 25. Rad1 Rc5 26.
Qxe6+ Kxe6 27. Nf4+ Kxf6 28. Nxd3+ Kg7 29. Nxc5 Rxf1+ 30. Rxf1 Nxc5 31. Rd1
$138 1-0

[Event "Ann Arbor (HVA/1/5)"]
[Site "?"]
[Date "1996.??.??"]
[Round "?"]
[White "Bedy, N."]
[Black "Evans Sr., Thomas"]
[Result "1/2-1/2"]
[WhiteElo "1605"]
[BlackElo "1605"]
[PlyCount "88"]
[EventDate "1996.??.??"]

{1/(5)} 1. d4 e6 2. e4 d5 3. Be3 Be7 4. e5 Nc6 5. Bd3 Bg5 6. Qe2 Bxe3 7. Qxe3
Nh6 8. c3 Nf5 9. Bxf5 exf5 10. Nf3 h6 11. h4 Be6 12. Nbd2 Qd7 13. Nb3 b6 14.
Nc1 O-O 15. Nd3 f6 16. O-O fxe5 17. Ndxe5 Nxe5 18. Nxe5 Qd6 19. Rae1 Rae8 20.
Re2 Bd7 21. Qd3 Bc8 22. Rfe1 f4 23. Qg6 Re6 24. Qd3 b5 25. b4 a6 26. Nf3 Rg6
27. Re8 Re6 28. R1xe6 Bxe6 29. Rxf8+ Qxf8 30. Qg6 Qf5 31. Qxf5 Bxf5 32. Ne5 Kf8
33. Kf1 Ke7 34. Ke2 Kf6 35. g4 Be6 36. f3 g5 37. hxg5+ Kxg5 38. Nd3 Bxg4 39.
fxg4 Kxg4 40. Kf2 h5 41. Ne5+ Kf5 42. Kf3 h4 43. Ng4 h3 44. Nh2 Kg5 1/2-1/2

[Event "Eastpointe (EDO/1/6)"]
[Site "?"]
[Date "1996.??.??"]
[Round "?"]
[White "Bedy, N."]
[Black "DeKerpel, S."]
[Result "0-1"]
[WhiteElo "1605"]
[BlackElo "2025"]
[PlyCount "62"]
[EventDate "1996.??.??"]

{1/(6)} 1. d4 d5 2. e4 e6 3. Be3 dxe4 4. Nd2 Nf6 5. f3 exf3 6. Ngxf3 Nc6 7. c3
Bd6 8. Bd3 Nd5 9. Qe2 Bf4 10. Bxf4 Nxf4 11. Qf1 Nxd3+ 12. Qxd3 O-O 13. O-O e5
14. Rad1 exd4 15. Nxd4 Nxd4 16. cxd4 Bg4 17. Rde1 Qd7 18. Rf4 Bh5 19. Nc4 Bg6
20. Qc3 f6 21. Ref1 Rae8 22. h4 Re4 23. Rxe4 Bxe4 24. Rf4 Re8 25. Nd2 Bc6 26.
Qg3 Re2 27. Nf3 Rxb2 28. Rxf6 Bxf3 29. Rxf3 Qxd4+ 30. Kh1 Rb1+ 31. Kh2 Qd6 0-1

[Event "Ann Arbor (Mini-Swiss/1)"]
[Site "?"]
[Date "1996.??.??"]
[Round "?"]
[White "Bedy, N."]
[Black "Carter, M."]
[Result "1-0"]
[WhiteElo "1605"]
[BlackElo "1605"]
[PlyCount "83"]
[EventDate "1996.??.??"]

1. e4 c6 2. d4 d5 3. Nc3 dxe4 4. Bc4 Nf6 5. f3 exf3 6. Nxf3 Bg4 7. Bxf7+ Kxf7
8. Ne5+ Ke8 9. Nxg4 Nbd7 10. O-O h5 11. Qd3 e6 12. Nxf6+ Nxf6 13. Bg5 Qe7 14.
Ne4 Qf7 15. Bxf6 gxf6 16. Rxf6 Qd7 17. c3 Be7 18. Raf1 Kd8 19. Rf7 Kc7 20. Qg3+
Kb6 21. b4 Rhf8 22. Qe5 Qd5 23. Qxd5 exd5 24. Rxe7 dxe4 25. Rxe4 Rad8 26. Rxf8
Rxf8 27. Re5 h4 28. a4 Rf4 29. Re3 a5 30. g3 Rg4 31. h3 Rg5 32. g4 axb4 33.
cxb4 Rd5 34. Re4 Rg5 35. Kf2 Rg8 36. Re5 Rd8 37. Ke3 Rf8 38. Re4 Rf1 39. g5 Rg1
40. Rg4 Re1+ 41. Kd2 Rb1 42. g6 1-0

[Event "Howell (US Am N/4/8)"]
[Site "?"]
[Date "1996.??.??"]
[Round "?"]
[White "Beckwith, Stan"]
[Black "Smith, Michael R"]
[Result "0-1"]
[WhiteElo "1885"]
[BlackElo "2020"]
[PlyCount "36"]
[EventDate "1996.??.??"]

{4/(8)} 1. d4 Nf6 2. c4 e6 3. Nc3 Bb4 4. Qc2 c5 5. a3 Bxc3+ 6. Qxc3 Ne4 7. Qc2
d5 8. cxd5 exd5 9. Nf3 Bf5 10. Qa4+ Nc6 11. e3 O-O 12. dxc5 Nxc5 13. Qd1 Re8
14. Be2 d4 15. Nxd4 Nxd4 16. exd4 Nd3+ 17. Kf1 Qxd4 18. Bxd3 Qxd3+ 0-1

[Event "Howell (US Am N/6/21)"]
[Site "?"]
[Date "1996.??.??"]
[Round "?"]
[White "Beckwith, Stan"]
[Black "Scioly, Tony"]
[Result "1-0"]
[WhiteElo "1885"]
[BlackElo "1605"]
[PlyCount "103"]
[EventDate "1996.??.??"]

{6/(21)} 1. d4 Nf6 2. c4 g6 3. Nc3 Bg7 4. e4 d6 5. f3 O-O 6. Be3 e5 7. d5 Nbd7
8. Qd2 Re8 9. Bd3 a6 10. Nge2 h5 11. h4 Nf8 12. O-O-O c6 13. dxc6 bxc6 14. Bc2
d5 15. exd5 cxd5 16. Nxd5 Be6 17. Nxf6+ Bxf6 18. Qxd8 Rexd8 19. Rxd8 Rxd8 20.
b3 Be7 21. Kb2 Rb8 22. Bd3 Nd7 23. Nc3 Nc5 24. Be2 f5 25. g3 Rd8 26. Rd1 Rxd1
27. Nxd1 e4 28. b4 exf3 29. Bxf3 Nd3+ 30. Kc3 Bxc4 31. Kxc4 Ne5+ 32. Kd5 Nxf3
33. Bc5 Bf6 34. Bd6 Kf7 35. a4 Nd2 36. b5 axb5 37. axb5 Bd8 38. Nc3 Ba5 39. Na4
Ne4 40. Bf4 Kf6 41. b6 Bxb6 42. Nxb6 g5 43. hxg5+ Nxg5 44. Nd7+ Kg6 45. Ke5 Nh3
46. Nf8+ Kg7 47. Ne6+ Kg6 48. Nd4 Nxf4 49. Kxf4 Kf6 50. Nxf5 Kg6 51. Nh4+ Kh6
52. Kf5 1-0

[Event "Ann Arbor (Fall Open/4/1)"]
[Site "?"]
[Date "1996.??.??"]
[Round "?"]
[White "Beckwith, Stan"]
[Black "Kamberi, Sonny"]
[Result "0-1"]
[WhiteElo "1860"]
[BlackElo "2265"]
[PlyCount "62"]
[EventDate "1996.??.??"]

{4/(1)} 1. d4 Nf6 2. c4 g6 3. Nc3 Bg7 4. e4 d6 5. f3 O-O 6. Be3 Nc6 7. Bd3 e5
8. Nge2 Ng4 9. fxg4 exd4 10. Bf2 dxc3 11. Nxc3 Ne5 12. Be2 Be6 13. Nd5 c6 14.
Ne3 Qa5+ 15. Kf1 Rad8 16. Qb3 b5 17. Rc1 bxc4 18. Nxc4 Nxc4 19. Bxc4 d5 20.
exd5 cxd5 21. Be2 Rb8 22. Qa3 Qd2 23. Be3 Qxb2 24. Qxa7 Ra8 25. Qb6 Qf6+ 26.
Kg1 d4 27. Bd2 Rxa2 28. Rd1 d3 29. Bf3 Rxd2 30. Rxd2 Qa1+ 31. Rd1 Bd4+ 0-1

[Event "Howell (US Am N/2/18)"]
[Site "?"]
[Date "1996.??.??"]
[Round "?"]
[White "Beckwith, Stan"]
[Black "Hoskins, M."]
[Result "1-0"]
[WhiteElo "1885"]
[BlackElo "1610"]
[PlyCount "45"]
[EventDate "1996.??.??"]

{2/(18)} 1. d4 Nf6 2. c4 g6 3. Nc3 Bg7 4. e4 d6 5. f3 O-O 6. Be3 Nc6 7. Bd3 e5
8. d5 Ne7 9. Nge2 a6 10. Qd2 Ne8 11. g4 Nf6 12. Ng3 c6 13. h4 Kh8 14. O-O-O c5
15. h5 Re8 16. hxg6 Nxg6 17. Bg5 Kg8 18. Qh2 Nf8 19. Nh5 Nxg4 20. Qh4 Bh6 21.
Bxh6 Qxh4 22. Rxh4 Ng6 23. Rxg4 1-0